书目信息 |
| 题名: |
康巴民族民间歌舞艺术调查与研究
|
|
| 作者: | 林俊华 , 赵勇 主编 | |
| 分册: | ||
| 出版信息: | 北京 中国书籍出版社 2017 |
|
| 页数: | 338页 | |
| 开本: | 24cm | |
| 丛书名: | 高校学术文库 | |
| 单 册: | ||
| 中图分类: | J722.2 | |
| 科图分类: | ||
| 主题词: | 民族歌舞--调查研究--西南地区 , 民间歌舞--调查研究--西南地区 | |
| 电子资源: | ||
| ISBN: | 978-7-5068-5307-1 | |
| 000 | 01305oam2 2200277 450 | |
| 001 | 3914 | |
| 005 | 20180527204059.87 | |
| 010 | @a978-7-5068-5307-1@dCNY69.00 | |
| 100 | @a20171018d2017 em y0chiy50 ea | |
| 101 | 0 | @achi |
| 102 | @aCN@b110000 | |
| 105 | @aa z 000yy | |
| 200 | 1 | @a康巴民族民间歌舞艺术调查与研究@9kang ba min zu min jian ge wu yi shu diao cha yu yan jiu@f林俊华,赵勇主编 |
| 210 | @a北京@c中国书籍出版社@d2017 | |
| 215 | @a338页@c图@d24cm | |
| 225 | 1 | @a高校学术文库@i人文社科研究论著丛刊 |
| 330 | @a本书以康巴地区,尤其是甘孜州区域内特有的民族民间歌舞艺术为调查和研究对象,从历史、形态、品种、现状、发展、传承等不同角度进行梳理,以期让更多的人管窥博大深厚的康巴文化艺术。全书共收录25位作者38篇文章,既有对民族民间音乐或舞蹈的一般性概述,也有某一特定音乐舞蹈艺术品种或形态的探析;既有对民间歌舞的基础性分析研究,也有对某一区域性民间歌舞的实地调查报告;既有对民族民间歌舞融合或创新的思考,也有带着高等教育使命引发的对弘扬、传承历史责任的反思。 | |
| 461 | 0 | @12001 @a高校学术文库 |
| 462 | 0 | @12001 @a人文社科研究论著丛刊 |
| 606 | 0 | @a民族歌舞@x调查研究@y西南地区 |
| 606 | 0 | @a民间歌舞@x调查研究@y西南地区 |
| 690 | @aJ722.2@v5 | |
| 701 | 0 | @a林俊华@9lin jun hua@4主编 |
| 701 | 0 | @a赵勇@9zhao yong@4主编 |
| 801 | 0 | @aCN@b91MARC@c20171018 |
| 905 | @aMuseLib@dJ722.2@e182 | |
| 康巴民族民间歌舞艺术调查与研究/林俊华,赵勇主编.-北京:中国书籍出版社,2017 |
| 338页:图;24cm.-(高校学术文库.人文社科研究论著丛刊) |
| ISBN 978-7-5068-5307-1:CNY69.00 |
| 本书以康巴地区,尤其是甘孜州区域内特有的民族民间歌舞艺术为调查和研究对象,从历史、形态、品种、现状、发展、传承等不同角度进行梳理,以期让更多的人管窥博大深厚的康巴文化艺术。全书共收录25位作者38篇文章,既有对民族民间音乐或舞蹈的一般性概述,也有某一特定音乐舞蹈艺术品种或形态的探析;既有对民间歌舞的基础性分析研究,也有对某一区域性民间歌舞的实地调查报告;既有对民族民间歌舞融合或创新的思考,也有带着高等教育使命引发的对弘扬、传承历史责任的反思。 |
| ● |
| 相关链接 |
|
|
|
|
正题名:康巴民族民间歌舞艺术调查与研究
索取号:J722.2/182
 
预约/预借
| 序号 | 登录号 | 条形码 | 馆藏地/架位号 | 状态 | 备注 |
| 1 | 1111142 | 211111429 | 第一样本阅览室/ [索取号:J722.2/182] | 在馆 | |
| 2 | 1111143 | 211111438 | 教育系资料室/ [索取号:J722.2/182] | 在馆 | |
| 3 | 1111144 | 211111447 | 教育系资料室/ [索取号:J722.2/182] | 在馆 | |
| 4 | 1111145 | 211111456 | 第一借阅区/ [索取号:J722.2/182] | 在馆 |